Central Library OPAC University of Rajshahi

Mechanics of engineering materials / (Record no. 73057)

MARC details
000 -LEADER
fixed length control field 00700nam a2200229 a 4500
001 - CONTROL NUMBER
control field 73057
003 - CONTROL NUMBER IDENTIFIER
rucl marc code BD-RjUL
005 - DATE AND TIME OF LATEST TRANSACTION
control field 20211209082338.0
008 - FIXED-LENGTH DATA ELEMENTS--GENERAL INFORMATION
fixed length control field 170527s1978 nyua 000 0 eng
035 ## - SYSTEM CONTROL NUMBER
System control number (BD-RjUL)73275
040 ## - CATALOGING SOURCE
Original cataloging agency DLC
Transcribing agency DLC
Modifying agency DLC
-- BD-RjUL
Language of cataloging eng
041 ## - LANGUAGE CODE
Language code of text/sound track or separate title eng
082 00 - DEWEY DECIMAL CLASSIFICATION NUMBER
Edition number 23
Classification number 620.11
Author mark and year BOM 1978
100 1# - MAIN ENTRY--PERSONAL NAME
Personal name Bowes, William H.
9 (RLIN) 216096
245 10 - TITLE STATEMENT
Title Mechanics of engineering materials /
Statement of responsibility, etc. William H. Bowes, Leslie T. Russell, Gerhard T. Suter.
260 ## - PUBLICATION, DISTRIBUTION, ETC. (IMPRINT)
Place of publication, distribution, etc. New York :
Name of publisher, distributor, etc. Wiley,
Date of publication, distribution, etc. c1978
300 ## - PHYSICAL DESCRIPTION
Pagination various p. :
Illustrations ill. ;
Size 33 cm.
650 #0 - SUBJECT ADDED ENTRY--TOPICAL TERM
Topical term or geographic name as entry element Engineering materials
9 (RLIN) 161627
700 1# - ADDED ENTRY--PERSONAL NAME
Personal name Russell, Leslie T.
Personal name Suter, Gerhard T.
942 ## - ADDED ENTRY ELEMENTS (KOHA)
Source of classification or shelving scheme Dewey Decimal Classification
Koha item type Books
Holdings
Lost status Source of classification or shelving scheme Damaged status Not for loan Collection code Permanent Location Current Location Shelving location Date acquired Source of acquisition Cost, normal purchase price Total Checkouts Full call number Date last seen Copy number Koha item type
  Dewey Decimal Classification   Not For Loan Non-fiction Central Library, University of Rajshahi Central Library, University of Rajshahi Reading Room 02/02/1991 N/A 0.00   620.11 BOM Pt. -2 1978 27/05/2017 C-1 Books